|
|
|
|
| LEADER |
01480nam a2200289 a 4500 |
| 001 |
1644359 |
| 008 |
100110s1995 ne b 001 0 eng d |
| 010 |
|
|
|a 96172914
|
| 020 |
|
|
|a 9068326309
|
| 040 |
|
|
|a OClU-L
|c OClU-L
|d DLC
|d BD-DhAAL
|
| 082 |
0 |
0 |
|a 305.3/091724
|2 21
|
| 245 |
0 |
0 |
|a Advancing women's status :
|b women and men together? /
|c Maria de Bruyn ... et al., editorial team
|
| 260 |
|
|
|a Amsterdam, the Netherlands :
|b Royal Tropical Institute (KIT),
|c c1995.
|
| 300 |
|
|
|a 200 p. ;
|c 24 cm.
|
| 490 |
0 |
|
|a Gender, society & development
|
| 490 |
0 |
|
|a Critical reviews and annotated bibliographies series,
|x 1382-4686
|
| 505 |
0 |
|
|a Women's status and rights -- Education and training -- Economic participation -- Sexual and reproductive health -- A list of reference publications and resources.
|
| 500 |
|
|
|a "The appearance of this book coincides with the Fourth World Conference on Women, held in Beijing, China, during September 1995." --back cover.
|
| 504 |
|
|
|a Includes bibliographical references and indexes.
|
| 541 |
1 |
|
|e 00007512
|
| 650 |
|
0 |
|a Women in development
|z Developing countries.
|
| 650 |
|
0 |
|a Women
|z Developing countries
|x Social conditions.
|
| 650 |
|
0 |
|a Women
|z Developing countries
|x Bibliography.
|
| 700 |
1 |
|
|a Bruyn, Maria de.
|
| 852 |
4 |
|
|a Ayesha Abed Library
|j General shelf
|
| 999 |
|
|
|c 6832
|d 6832
|
| 952 |
|
|
|0 0
|1 0
|2 ddc
|4 0
|6 305_309172400000000_ADV_1995
|7 0
|9 7043
|a BRACUL
|b BRACUL
|c GEN
|d 2010-01-11
|l 0
|o 305.3091724 ADV
|p 3010007512
|r 2010-01-11
|t 1
|w 2010-01-11
|y BK
|